Statistics for Top 20 religious countries.

Click here to take the quiz!

General Stats

  • This quiz has been taken 155 times
  • The average score is 6 of 20

Answer Stats

HintAnswer% Correct
81%, HinduIndia
87%
84%, MuslimPakistan
67%
88%, MuslimIraq
63%
85%, ChristianBrazil
56%
83%, MuslimAfghanistan
53%
93%, Muslim, ChristianNigeria
40%
81%, Muslim, BuddhistMalaysia
36%
81%, ChristianPoland
33%
83%, ChristianColombia
30%
92%, ChristianArmenia
23%
88%, ChristianKenya
22%
79%, MuslimUzbekistan
19%
84%, ChristianGeorgia
18%
89%, ChristianRomania
15%
96%, Christian, MuslimGhana
14%
79%, Christian, IndigenousSouth Sudan
14%
92%, Christian, HinduFiji
12%
83%, ChristianMoldova
10%
82%, Christian, MuslimCameroon
9%
90%, Christian, MuslimMacedonia
6%

Score Distribution

Percentile by Number Answered

Percent of People with Each Score

Your Score History

You have not taken this quiz